Save our tree / (Record no. 5053)
[ view plain ]
| 000 -LEADER | |
|---|---|
| fixed length control field | 00845nam a22002897a 4500 |
| 001 - CONTROL NUMBER | |
| control field | 5053 |
| 003 - CONTROL NUMBER IDENTIFIER | |
| control field | FISKH |
| 005 - DATE AND TIME OF LATEST TRANSACTION | |
| control field | 20241104090509.0 |
| 008 - FIXED-LENGTH DATA ELEMENTS--GENERAL INFORMATION | |
| fixed length control field | 241104b cb ||||| |||| 00| 0 eng d |
| 020 ## - INTERNATIONAL STANDARD BOOK NUMBER | |
| International Standard Book Number | 9780618481439 |
| 040 ## - CATALOGING SOURCE | |
| Original cataloging agency | FISKH |
| Language of cataloging | eng |
| Transcribing agency | FISKH |
| Modifying agency | FISKH |
| 082 ## - DEWEY DECIMAL CLASSIFICATION NUMBER | |
| Classification number | 347 |
| 100 ## - MAIN ENTRY--PERSONAL NAME | |
| Personal name | Sullivan, Leslie |
| Dates associated with a name | (1916-) |
| 245 ## - TITLE STATEMENT | |
| Title | Save our tree / |
| Statement of responsibility, etc. | by Leslie Sullivan illustrated by Ronnie Rooney |
| 250 ## - EDITION STATEMENT | |
| Edition statement | 2005 |
| 260 ## - PUBLICATION, DISTRIBUTION, ETC. | |
| Place of publication, distribution, etc. | Boston : |
| Name of publisher, distributor, etc. | Houghton Mifflin, |
| Date of publication, distribution, etc. | 2005. |
| 300 ## - PHYSICAL DESCRIPTION | |
| Extent | 8 pages : |
| Other physical details | Color illustrations ; |
| Dimensions | 21 cm |
| 505 ## - FORMATTED CONTENTS NOTE | |
| Formatted contents note | G<br/> |
| 520 ## - SUMMARY, ETC. | |
| Summary, etc. | The teacher and students are protecting the birds nest from the cutting. |
| 521 8# - TARGET AUDIENCE NOTE | |
| Target audience note | 370L<br/> |
| Source | Lexile<br/> |
| 521 8# - TARGET AUDIENCE NOTE | |
| Target audience note | G<br/> |
| Source | Raz-Plus<br/> |
| 650 ## - SUBJECT ADDED ENTRY--TOPICAL TERM | |
| Source of heading or term | Trees |
| Topical term or geographic name entry element | Nature |
| 650 ## - SUBJECT ADDED ENTRY--TOPICAL TERM | |
| Source of heading or term | Spring |
| Topical term or geographic name entry element | Easy reader |
| 700 ## - ADDED ENTRY--PERSONAL NAME | |
| Personal name | Rooney, Ronnie |
| Dates associated with a name | Illustrator |
| 942 ## - ADDED ENTRY ELEMENTS (KOHA) | |
| Source of classification or shelving scheme | Dewey Decimal Classification |
| Koha item type | Books |
| Suppress in OPAC | No |
| Withdrawn status | Lost status | Source of classification or shelving scheme | Damaged status | Not for loan | Collection | Home library | Current library | Shelving location | Date acquired | Total Checkouts | Full call number | Barcode | Date last seen | Copy number | Price effective from | Koha item type |
|---|---|---|---|---|---|---|---|---|---|---|---|---|---|---|---|---|
| Dewey Decimal Classification | Fiction | Footprints International School Library Network Toul Kork Campus | Footprints International School Library Network Toul Kork Campus | TK Primary Library Room(4th Floor), Bookcase 7, Shelves 57-60, Dark Green Books | 11/04/2024 | SUL 347 | 2024-2275 | 11/05/2024 | 1 | 11/04/2024 | Books |
